|
|
|
|
| LEADER |
00855naa a2200193 i 4500 |
| 001 |
acta65629 |
| 005 |
20260224081030.0 |
| 008 |
200220s2017 hu o 000 hun d |
| 020 |
|
|
|a 978-963-418-010-4
|
| 040 |
|
|
|a SZTE Egyetemi Kiadványok Repozitórium
|b hun
|
| 041 |
|
|
|a hun
|
| 100 |
1 |
|
|a Kristóf Luca
|
| 245 |
1 |
0 |
|a Társadalmi integráció és fogyasztás
|h [elektronikus dokumentum] /
|c Kristóf Luca
|
| 260 |
|
|
|c 2017
|
| 300 |
|
|
|a 267-282
|
| 490 |
0 |
|
|a Társadalmi integráció : az egyenlőtlenségek, az együttműködés, az újraelosztás és a hatalom szerkezete a magyar társadalomban
|
| 695 |
|
|
|a Társadalmi integráció, Politikai kultúra - Magyarország - 20-21. sz., Társadalmi beilleszkedés - Magyarország
|
| 700 |
0 |
1 |
|a Szabó Andrea
|e aut
|
| 856 |
4 |
0 |
|u http://acta.bibl.u-szeged.hu/65629/1/tarsadalmi_integracio_267-282.pdf
|z Dokumentum-elérés
|